Cases in Constitution Law. (Record no. 749)

MARC details
000 -LEADER
fixed length control field 00353nam a22001217a 4500
005 - DATE AND TIME OF LATEST TRANSACTION
control field 20200817161021.0
008 - FIXED-LENGTH DATA ELEMENTS--GENERAL INFORMATION
fixed length control field 200817b ||||| |||| 00| 0 eng d
020 ## - INTERNATIONAL STANDARD BOOK NUMBER
International Standard Book Number 0194423255
040 ## - CATALOGING SOURCE
Transcribing agency CML
245 ## - TITLE STATEMENT
Title Cases in Constitution Law.
Statement of responsibility, etc. Keir, D.L.
260 ## - PUBLICATION, DISTRIBUTION, ETC.
Place of publication, distribution, etc. London
Name of publisher, distributor, etc. Oxford University
Date of publication, distribution, etc. 1928
942 ## - ADDED ENTRY ELEMENTS (KOHA)
Source of classification or shelving scheme Dewey Decimal Classification
Koha item type Books
Edition Fifth Edition
Classification part 342
Call number suffix KEI
Holdings
Withdrawn status Lost status Source of classification or shelving scheme Damaged status Not for loan Collection code Home library Current library Shelving location Date acquired Total Checkouts Full call number Date last seen Copy number Price effective from Koha item type
    Dewey Decimal Classification     Social Sciences Chalimbana Main Library Chalimbana Main Library Social Sciences 08/17/2020   342.42 KEI 08/17/2020 1 08/17/2020 Books
    Dewey Decimal Classification     Social Sciences Chalimbana Main Library Chalimbana Main Library Social Sciences 08/17/2022   342.42KEI 08/17/2022 2 08/17/2022 Books

Powered by Koha